000 01143cam a2200289 i 4500
003 CO-BoPUJ
005 20250820151401.0
008 190621s2017 ck ao er 000 jdspa d
020 _a9789588898926
040 _aCO-JMCR
_cCO-JMCR
041 1 _aspa
_heng
082 0 4 _aA-C
_bMANp
100 1 _aMansfield, Katherine,
_eautora
_9865
245 1 0 _aPreludio seguido de La casa de muñecas /
_cKatherine Mansfield ; traducción de Erna Von Der Walde
250 _aPrimera edición
260 _aBogotá :
_bAlcaldía Mayor de Bogotá ; Instituto Distrital de las Artes - IDARTES,
_c2017
300 _a114 páginas :
_bilustaciones, fotografías a blanco y negro ;
_c17 cm.
490 0 _aLibro al viento universal ;
_v120
500 _aIncluye datos biográficos y fotografía de la autora.
504 _aBibliografía: página 14
505 0 _tPreludio.--
_tLa casa de muñecas.--
586 _aGanador de la Beca Nacional de Traducción - Inglés, Idartes 2016
650 1 4 _aCuentos neozelandeses
_9866
650 2 4 _aLiteratura neozelandesa
_9867
_ySiglo XX
700 1 _aVon Der Walde, Erna,
_etraductora
_9868
942 _2ddc
_cBK
999 _c6582
_d6582